000 00341nam a22001337a 4500
082 _a355.02
_bALL
100 _aAllen, Kenneth
_948759
245 _aSoldiers in battle
260 _aLondon
_bOdhams Books Limited
300 _a175 p. :
_bill . :
_c6 Cm
526 _a0
_b0
_c0
_d355_020000000000000_ALL
650 _aMCE
_9379
942 _2ddc
_cBK
999 _c551609
_d551609